000 00780nam a22002657a 4500
001 3999
003 FISKH
005 20240529144353.0
008 240529b cb ||||| |||| 00| 0 eng d
020 _a9780590503174
040 _aFISKH
_beng
_cFISKH
_dFISKH
050 _aPZ7.B7633
082 _a813.54
100 _aBridwell, Norman
245 _aClifford's first Halloween /
_cNorman Bridwell
260 _aNew York :
_bScholastic,
_c1995.
300 _a32 unnumbered pages :
_bcolor illustrations ;
_c21 cm
505 _aJ
520 _aEmily Elizabeth tells all about Clifford's first Halloween when he was a small puppy.
521 8 _a500
_bLexile
521 8 _aJ
_bRaz-Plus
650 _aDogs
_xHolidays
942 _2ddc
_cBK
_n0
999 _c3999
_d3999